[Event "AUTO-OPEN-2567"]
[Site "http://www.queenalice.com/game.php?id=1018058"]
[Date "2012.1.29"]
[Round "1"]
[White "vindaloo"]
[Black "folhadepapel"]
[Result "0-1"]
[WhiteElo "1838"]
[BlackElo "1500"]

1. e4 e6 2. c4 d5 3. exd5 exd5 4. cxd5 Nf6 5. Nf3 Be7 6. Bb5+ Bd7 7. Qb3 c6 8.
dxc6 Nxc6 9. O-O O-O 10. d4 a6 11. Be2 Be6 12. Qd1 Rc8 13. Nc3 Qb6 14. Rb1 Rfd8
15. Be3 Ng4 16. h3 Nxe3 17. fxe3 f5 18. d5 Qxe3+ 19. Kh1 Nb4 20. Qb3 Nxd5 21.
Bc4 Qc5 22. Nxd5 Bxd5 23. Bxd5+ Qxd5 24. Qxd5+ Rxd5 25. Rf2 g6 26. Re2 Bf6 27.
g3 Rd3 28. Rf2 Rc4 29. Kg2 f4 30. gxf4 Rxf4 31. b3 g5 32. Rbb2 Bxb2 0-1

[Event "AUTO-OPEN-2567"]
[Site "http://www.queenalice.com/game.php?id=1018059"]
[Date "2012.1.29"]
[Round "1"]
[White "folhadepapel"]
[Black "kobra23"]
[Result "1/2-1/2"]
[WhiteElo "1867"]
[BlackElo "2265"]

1. d4 d5 2. Nf3 Nf6 3. c4 dxc4 4. Nc3 c5 5. e4 cxd4 6. Qxd4 Qxd4 7. Nxd4 e5 8.
Ndb5 Na6 9. Bxc4 Bd7 10. Bg5 Rc8 11. Be2 Bc5 12. Bxf6 gxf6 13. O-O Be6 14. Rfd1
Nc7 15. Nd6+ Bxd6 16. Rxd6 Ke7 17. Rad1 Rhd8 18. Rxd8 Rxd8 19. Rxd8 Kxd8 20. f3
f5 21. Kf2 fxe4 22. fxe4 f5 23. exf5 Bxf5 24. Ke3 Kd7 25. g4 Bg6 26. h4 Ne6 27.
h5 Bf7 28. Bd3 h6 29. Bf5 Ke7 30. Be4 b6 31. Bf5 Nd4 32. Ke4 Nxf5 33. Kxf5 Be6+
34. Kg6 Bxg4 35. Ne4 Bf3 36. Ng3 e4 37. Kxh6 Kf6 38. Nf1 Bg4 39. Ne3 Be6 40. a3
Bf7 41. b3 Bxb3 42. Ng4+ Kf7 43. Kg5 Be6 44. h6 Bxg4 45. Kxg4 e3 46. Kf3 Kg6 47.
Kxe3 Kxh6 48. Kd4 Kg5 49. Kd5 Kf5 50. a4 Kf6 51. Kc6 Ke5 52. Kb7 Kd6 53. Kxa7
Kc7 54. Ka6 Kc6 55. Ka7 Kc7 56. Ka6 Kc6 57. Ka7 Kc7 58. Ka6 Kc6 1/2-1/2

[Event "AUTO-OPEN-2567"]
[Site "http://www.queenalice.com/game.php?id=1018060"]
[Date "2012.1.29"]
[Round "1"]
[White "kobra23"]
[Black "folhadepapel"]
[Result "1-0"]
[WhiteElo "2264"]
[BlackElo "1869"]

1. e4 c5 2. Nf3 d6 3. Nc3 Nf6 4. Bb5+ Bd7 5. Bxd7+ Nbxd7 6. O-O g6 7. d4 cxd4 8.
Qxd4 Bg7 9. Bg5 O-O 10. Qb4 Qb6 11. Qxb6 Nxb6 12. Rad1 h6 13. Be3 Nc4 14. Bc1
Nd7 15. Nd5 e6 16. Ne3 Rac8 17. c3 Rc6 18. Nxc4 Rxc4 19. Rxd6 Nc5 20. e5 Re4 21.
Be3 Bxe5 22. Bxc5 Bxd6 23. Bxd6 Rd8 24. Be7 Rd5 25. Bf6 e5 26. b3 Rf4 27. Be7 b5
28. Re1 f5 29. Kf1 Re4 30. Rc1 Kf7 31. Bg5 hxg5 32. Nxg5+ Kf6 33. Nxe4+ fxe4 34.
Ke2 Rc5 35. Ke3 Kf5 36. c4 bxc4 37. Rxc4 Ra5 38. Ra4 Rxa4 39. bxa4 g5 40. h3 1-0

[Event "Challenge"]
[Site "http://www.queenalice.com/game.php?id=1023623"]
[Date "2012.1.31"]
[Round "-"]
[White "Olavio"]
[Black "folhadepapel"]
[Result "1-0"]
[WhiteElo "1640"]
[BlackElo "1806"]

1. e4 c6 2. Nf3 d5 3. e5 Bf5 4. Bd3 Bxd3 5. cxd3 e6 6. d4 c5 7. dxc5 Bxc5 8. d4
Bb4+ 9. Nbd2 Nc6 10. a3 Ba5 11. b4 Bb6 12. Rb1 Nxd4 13. Nxd4 Bxd4 14. Nf3 Bb6
15. O-O h6 16. Qd3 Ne7 17. Be3 O-O 18. Rb3 Rc8 19. g4 Rc4 20. Bd4 Nc6 21. Ba1
Rxg4+ 22. Kh1 Rc4 23. Qd2 d4 24. Rg1 Qd5 25. Qxh6 g6 26. h3 Nxe5 27. Qf4 Bc7 28.
Qf6 1-0

[Event "OS INCLIVEIS"]
[Site "http://www.queenalice.com/game.php?id=1027385"]
[Date "2012.2.7"]
[Round "-"]
[White "adelio"]
[Black "folhadepapel"]
[Result "0-1"]
[WhiteElo "1767"]
[BlackElo "1967"]

1. d4 e6 2. e4 d5 3. e5 c5 4. Nf3 Nc6 5. c3 h6 6. Nbd2 Qb6 7. g4 cxd4 8. cxd4
Nxd4 9. Qa4+ Nc6 10. Nb3 Bc5 11. Nxc5 Qxc5 12. Be3 Qa5+ 13. Qxa5 Nxa5 14. b3 Bd7
15. Be2 Ne7 16. g5 Nf5 17. Bf4 hxg5 18. Nxg5 f6 19. Nf3 g5 20. Bd2 g4 21. Bxa5
gxf3 22. Bxf3 Nd4 23. Bd1 Nc6 24. Bd2 Nxe5 25. Be2 d4 26. O-O-O d3 27. Bf1 Rc8+
28. Kb1 Bc6 29. Rg1 Rxh2 30. Rg8+ Kd7 31. Rg7+ Kd8 32. Bb4 Be4 33. Bd6 Rc2 34.
Bxe5 d2 35. Bxf6+ Ke8 36. Bb5+ Kf8 37. Rgg1 Kf7 38. Bd4 Rc4+ 39. Kb2 Rxd4 40.
Bc4 Rxf2 41. Ka3 Bf3 42. Rb1 d1=Q 43. Rbxd1 Rxd1 44. Rxd1 Bxd1 45. Bd3 Rf4 46.
Bb1 e5 47. Bd3 e4 48. Bc4+ Ke7 49. Bd5 b6 50. Bxe4 Rxe4 51. Kb2 Kd6 52. Kc1 Bxb3
53. axb3 Re2 54. Kb1 Kc5 55. Kc1 Kb4 56. Kd1 Rb2 57. Ke1 Kxb3 58. Kf1 a5 59. Kg1
a4 60. Kh1 a3 61. Kg1 a2 62. Kf1 a1=Q# 0-1

[Event "Challenge"]
[Site "http://www.queenalice.com/game.php?id=1030889"]
[Date "2012.2.18"]
[Round "-"]
[White "aquatico"]
[Black "folhadepapel"]
[Result "1-0"]
[WhiteElo "1844"]
[BlackElo "2062"]

1. g4 d5 2. Bg2 Bxg4 3. c4 e6 4. cxd5 exd5 5. Qb3 Nf6 6. Qxb7 Nbd7 7. Bxd5 Rb8
8. Qc6 Rb6 9. Qc4 Ne5 10. Qa4+ c6 11. e4 Nd3+ 12. Kf1 Nxd5 13. exd5 Qe7 14. Kg2
Qh4 15. Qe4+ Be7 16. Qxd3 cxd5 17. Qe3 Rg6 18. Kf1 d4 19. Qd3 Bc8 20. Qb5+ Kf8
21. Qb8 Qg4 22. f3 Qg2+ 23. Ke1 Qxh1 24. Qxc8+ 1-0

[Event "Challenge"]
[Site "http://www.queenalice.com/game.php?id=1030893"]
[Date "2012.2.18"]
[Round "-"]
[White "aquatico"]
[Black "folhadepapel"]
[Result "0-1"]
[WhiteElo "1903"]
[BlackElo "1974"]

1. g4 d5 2. Bg2 Bxg4 3. c4 e6 4. Nc3 c6 5. Qb3 Qb6 6. cxd5 Qxb3 7. axb3 exd5 8.
Ra4 Nf6 9. e4 dxe4 10. f3 exf3 11. Nxf3 Be7 12. Ne5 Be6 13. b4 O-O 14. b5 Bd6
15. bxc6 bxc6 16. Nxc6 Nxc6 17. Bxc6 Rac8 18. Bb5 Bc5 19. d4 Bb6 20. Ne2 Bd7 21.
Bxd7 Nxd7 22. O-O Rc2 23. Nc3 Ne5 24. Nb5 Nc4 25. b3 Na5 26. b4 Nb3 27. Be3 Rd8
28. Nxa7 Nxd4 29. Bf2 Nf3+ 30. Kg2 Nh4+ 31. Kg1 Bxf2+ 32. Kh1 Bxa7 33. Rxa7 Nf3
0-1

[Event "AUTO-ADV-2415"]
[Site "http://www.queenalice.com/game.php?id=1030953"]
[Date "2012.2.18"]
[Round "1"]
[White "DenisDiaz"]
[Black "folhadepapel"]
[Result "0-1"]
[WhiteElo "1939"]
[BlackElo "2007"]

1. e4 c6 2. d4 d5 3. Nc3 e6 4. e5 c5 5. dxc5 Bxc5 6. Bd3 Qb6 7. Qe2 Bb4 8. Bd2
Qd8 9. a3 Bxc3 10. Bxc3 Ne7 11. f4 Nf5 12. Nf3 Nc6 13. O-O-O h5 14. g3 g6 15.
Qf2 Qb6 16. Qxb6 axb6 17. Be1 Bd7 18. Bf2 b5 19. Bxb5 Nxe5 20. Bxd7+ Nxd7 21.
Rhe1 Nf6 22. Rd3 Ne4 23. Bg1 Rc8 24. Rb3 Rc7 25. Nd2 Ned6 26. a4 Kd7 27. c3 Ra8
28. Ra3 Nc4 29. Nxc4 Rxc4 30. b4 Nd6 31. Kb2 Ne4 32. Rc1 h4 33. g4 Nf6 34. g5
Nh5 35. Be3 Re4 0-1

[Event "AUTO-ADV-2415"]
[Site "http://www.queenalice.com/game.php?id=1030954"]
[Date "2012.2.18"]
[Round "1"]
[White "folhadepapel"]
[Black "DenisDiaz"]
[Result "1/2-1/2"]
[WhiteElo "2015"]
[BlackElo "1992"]

1. d4 g6 2. c4 Bg7 3. Nc3 Nf6 4. Nf3 O-O 5. Bg5 d6 6. e3 c5 7. Be2 h6 8. Bh4
Nbd7 9. O-O a6 10. d5 Qa5 11. a3 b5 12. cxb5 axb5 13. Bxb5 Nb6 14. Bc6 Rb8 15.
Rb1 Nc4 16. Na4 g5 17. Qc2 Nb6 18. Nxb6 Rxb6 19. Bg3 Ba6 20. b4 cxb4 21. axb4
Rxb4 22. Ra1 Qb6 23. Rfb1 Rb8 24. Rxb4 Qxb4 25. h3 Bc4 26. Nd2 Bb3 27. Qxb3 Qxb3
28. Nxb3 Rxb3 29. Ra7 Bf8 30. h4 Rd3 31. hxg5 hxg5 32. Kf1 Rc3 33. Ke2 Rc5 34.
f3 Nxd5 35. Bxd5 Rxd5 36. e4 Rb5 37. Be1 e6 38. Bd2 Kg7 39. Rd7 Kg6 40. g4 d5
41. exd5 Rxd5 42. Rxd5 exd5 43. Kd3 Bc5 44. Ba5 f5 45. Bd8 fxg4 46. fxg4 Bf2 47.
Be7 Bb6 48. Bd6 Kf6 49. Bg3 Ke6 50. Bh2 Bd8 51. Kd4 Bf6+ 52. Kd3 Kd7 53. Bg1 Kc6
54. Be3 Kb5 55. Ba7 Kb4 56. Be3 Kb3 1/2-1/2

[Event "AUTO-ADV-2415"]
[Site "http://www.queenalice.com/game.php?id=1030969"]
[Date "2012.2.18"]
[Round "1"]
[White "Slorche"]
[Black "folhadepapel"]
[Result "1-0"]
[WhiteElo "1644"]
[BlackElo "1903"]

1. e4 c5 2. d3 Nc6 3. Be2 e5 4. Nf3 Nf6 5. Bd2 Be7 6. Bc3 d6 7. O-O O-O 8. a3
Bg4 9. Nfd2 Bxe2 10. Qxe2 Rc8 11. Nf3 b5 12. Bd2 c4 13. Bc3 cxd3 14. Qxd3 Qb6
15. b4 Rfd8 16. Qe2 d5 17. exd5 Nxd5 18. Bxe5 Nxe5 19. Nxe5 Bf6 20. c3 Re8 21.
Nd7 Rxe2 22. Nxb6 1-0

[Event "AUTO-ADV-2415"]
[Site "http://www.queenalice.com/game.php?id=1030981"]
[Date "2012.2.18"]
[Round "1"]
[White "folhadepapel"]
[Black "andrevillares"]
[Result "0-1"]
[WhiteElo "2016"]
[BlackElo "2037"]

1. d4 Nf6 2. c4 e6 3. Nc3 d5 4. Bg5 Be7 5. e3 O-O 6. Nf3 Nbd7 7. Bd3 h6 8. Bh4
b6 9. O-O Bb7 10. Rc1 c5 11. cxd5 exd5 12. Qa4 a6 13. Rfe1 b5 14. Qc2 Rc8 15.
dxc5 Rxc5 16. Qe2 Re8 17. Nd4 Ne5 18. Nf5 Qd7 19. Bb1 Bd8 20. Red1 Ng6 21. Bxf6
Bxf6 22. Ne4 Rxc1 23. Nxf6+ gxf6 24. Rxc1 d4 25. Qg4 Qd5 26. Nxh6+ Kf8 0-1

[Event "AUTO-ADV-2415"]
[Site "http://www.queenalice.com/game.php?id=1030982"]
[Date "2012.2.18"]
[Round "1"]
[White "andrevillares"]
[Black "folhadepapel"]
[Result "1-0"]
[WhiteElo "2052"]
[BlackElo "1987"]

1. d4 d5 2. c4 Nf6 3. cxd5 Nxd5 4. e4 Nf6 5. Bd3 Nc6 6. Ne2 e6 7. O-O Be7 8.
Nbc3 O-O 9. Bc2 b6 10. Be3 Bb7 11. Ng3 Nb4 12. Bb1 c5 13. a3 cxd4 14. Bxd4 Nc6
15. Bxf6 Bxf6 16. Qh5 g6 17. Qh3 Bxc3 18. bxc3 Qd2 19. Qg4 Qxc3 20. Ba2 Qe5 21.
f4 Qd4+ 22. Kh1 Rad8 23. Rad1 Qc5 24. f5 Ne5 25. Qg5 Rxd1 26. Rxd1 exf5 27. exf5
1-0

[Event "Challenge"]
[Site "http://www.queenalice.com/game.php?id=1038211"]
[Date "2012.3.12"]
[Round "-"]
[White "folhadepapel"]
[Black "Gatsby57"]
[Result "0-1"]
[WhiteElo "1925"]
[BlackElo "1943"]

1. d4 d5 2. c4 e5 3. dxe5 d4 4. Nf3 Nc6 5. Bf4 Bb4+ 6. Nbd2 h6 7. a3 Bxd2+ 8.
Qxd2 Be6 9. Rc1 Nge7 10. e3 dxe3 11. Qxe3 Nf5 12. Qc3 O-O 13. Rd1 Qe7 14. Bd3
Nh4 15. Nxh4 Qxh4 16. Bg3 Qg5 17. O-O h5 18. f4 Qe7 19. f5 Bd7 20. f6 Qc5+ 0-1

[Event "Challenge"]
[Site "http://www.queenalice.com/game.php?id=1038289"]
[Date "2012.3.12"]
[Round "-"]
[White "ZUMBI"]
[Black "folhadepapel"]
[Result "1-0"]
[WhiteElo "2072"]
[BlackElo "1942"]

1. e4 c6 2. Nf3 d5 3. d4 dxe4 4. Ng5 Nf6 5. Bc4 e6 6. Nc3 Bb4 7. Bd2 Bxc3 8.
Bxc3 h6 9. Nh3 O-O 10. Qe2 b5 11. Bb3 a5 12. a4 b4 13. Bd2 Qxd4 14. c3 bxc3 15.
Bxc3 Qd3 16. Nf4 Qxe2+ 17. Nxe2 Nd5 18. O-O Nd7 19. Bc2 Nc5 20. Bd4 1-0

[Event "Challenge"]
[Site "http://www.queenalice.com/game.php?id=1039102"]
[Date "2012.3.14"]
[Round "-"]
[White "JCOELHO"]
[Black "folhadepapel"]
[Result "1-0"]
[WhiteElo "2049"]
[BlackElo "1963"]

1. e4 e6 2. Nf3 d5 3. Nc3 dxe4 4. Nxe4 Nf6 5. Nxf6+ Qxf6 6. d4 h6 7. Be3 b6 8.
a4 Bd6 9. Bc4 Bd7 10. O-O O-O 11. d5 Qxb2 12. a5 exd5 13. Bxd5 Nc6 14. axb6 axb6
15. Rb1 Qf6 16. c4 Rad8 17. Re1 Rfe8 18. g3 Ne5 19. Bd4 1-0

[Event "Challenge"]
[Site "http://www.queenalice.com/game.php?id=1041597"]
[Date "2012.3.22"]
[Round "-"]
[White "folhadepapel"]
[Black "plot24"]
[Result "0-1"]
[WhiteElo "2068"]
[BlackElo "1851"]

1. d4 d5 2. c4 e6 3. Nc3 Nf6 4. Nf3 b6 5. Bg5 Be7 6. e3 O-O 7. Bd3 Bb7 8. O-O
dxc4 9. Bxc4 c5 10. dxc5 Nfd7 11. Bxe7 Qxe7 12. cxb6 Nxb6 13. Bb3 Rd8 14. Qe2
Ba6 15. Qc2 Bxf1 16. Rxf1 N8d7 17. Nd4 Rac8 18. Qe2 Nf6 0-1